De la vocación de nuestro siglo para la legislación y la ciencia del derecho

Guardat en:
Dades bibliogràfiques
Autor principal: Savigny, Friedrich Karl von (Autor)
Format: Llibre
Idioma:espanyol
Publicat: Buenos Aires Atalaya 1946
Col·lecció:Biblioteca Juridica Atalaya, 3
Matèries:
Etiquetes: Afegir etiqueta
Sense etiquetes, Sigues el primer a etiquetar aquest registre!

MARC

LEADER 00000nam a2200000 a 4500
001 UCS7103
003 CL-VaPUC
008 971010e19460000AG |||||||||||||||||spa|d
082 0 4 |a 340.1  |b SAV  |2 21 
100 0 |a Savigny, Friedrich Karl von  |e author  |9 392377 
245 1 0 |a De la vocación de nuestro siglo para la legislación y la ciencia del derecho 
300 |a 172 p 
942 |c BK 
945 |d 19971010 00:00:00  |a lriquelm 
260 |a Buenos Aires  |b Atalaya  |c 1946 
650 7 |a DERECHO  |2 CL-VaPUC  |9 392378 
650 0 |a Teoría del derecho  |9 255982 
650 0 |a Filosofía del derecho   |9 255050 
650 0 |a Derecho positivo  |9 255911 
650 7 |a LEY  |2 CL-VaPUC  |9 392379 
650 0 |a Códigos  |9 352314 
651 0 |a Alemania  |9 255688 
583 |a last modification  |c 19971010 00:00:00  |k Rodrigo Vera 
490 0 |a Biblioteca Juridica Atalaya, 3 
999 |c 262455  |d 262453 
952 |0 0  |1 0  |4 0  |6 340_100000000000000_SAV_1946  |7 0  |8 DER_HIS  |9 290961  |a BIBDER  |b BIBDER  |d 2019-11-19  |i 188848K  |o 340.1 SAV 1946  |p 188848K  |r 2023-01-25  |w 2019-11-19  |x Ubicación 4to Piso  |y BK  |z Estos recursos deben solicitarse con anticipación  |k DER